000 00650nam a22002417a 4500
003 UA-OsUOA
001 32175
007 ta
008 20050125b un ||||| |||| 00| 0 ukr d
100 _aГреков Б. Д.
090 _a94(477).022
_bГ80
942 _cBK
040 _aUA-OsUOA
_brus
_cUA-OsUOA
_dUA-OsUOA
245 _aКиевская Русь
_cБ. Д. Греков; Ред. Л. В. ЧерепинРед. Л. В.Черепин
300 _a568 с.
955 _a0
041 _arus
080 _a94(477).022
260 _aЛенинград
_bГосполитиздат
_c1953
044 _aRU
650 7 _2UDC
999 _c318614
_d318614